000 00368nam a22001457a 4500
003 OSt
005 20160727222454.0
008 160705b xxu||||| |||| 00| 0 eng d
040 _cTEST
100 _92129
_a Gevirtz, E
245 _aThe Mystery of the Missing Pushke
260 _aN.Y
_b Feldheim
_c1982
300 _aThe Mystery of the Missing Pushke
942 _2ddc
_cBK
999 _c1823
_d1823